000 00524nam a2200217Ia 4500
999 _c8440
_d8440
003 0100
005 20180214151809.0
008 130303s9999 xx 000 0 und d
040 _cARRUPELIB
050 _aDT714.N3551980
245 _aNamibia:
_bthe facts /
260 _aLondon
_bInternational Defence and Aid Fund
_c1980
300 _a100 p.
300 _b ill. 21 cm
650 _aNamibia
_xRace relations
_939238
700 _aInternational Defence and Aid Fund
_939240
942 _2lcc
_cMONOGRAPH